[Event "BL 1415 (Women)"]
[Site "Germany"]
[Date "2014.11.30"]
[Round "4.4"]
[White "Gempe, Anet"]
[Black "Klek, Hanna Marie"]
[Result "0-1"]
[WhiteElo "2034"]
[BlackElo "2225"]
[PlyCount "40"]
[EventDate "2014.09.27"]
[EventType "team-tourn"]
[EventRounds "11"]
[EventCountry "GER"]
[SourceTitle "CBM 166 Extra"]
[Source "ChessBase"]
[SourceDate "2015.06.18"]
[SourceVersion "1"]
[SourceVersionDate "2015.06.18"]
[SourceQuality "1"]
[WhiteTeam "Leipzig SG (W)"]
[BlackTeam "Deizisau (W)"]
[WhiteTeamCountry "GER"]
[BlackTeamCountry "GER"]

1. e4 e5 2. Nf3 Nc6 3. Bc4 Bc5 4. c3 Nf6 5. Qc2 a6 6. 0-0 d6 7. h3 Ba7 8. Rd1 0-0 9. d4 Qe8 10. d5 Ne7 11. Nbd2 Nh5 12. Nf1 f5 13. exf5 Bxf5 14. Bd3 Bxd3 15. Qxd3 Ng6 16. Qe4 Ngf4 17. Bxf4 Rxf4 18. Qe2 Qg6 19. Kh2 Raf8 20. Rd2 Rxf3 0-1

[Event "BL 1415 (Women)"]
[Site "Germany"]
[Date "2014.09.28"]
[Round "2.4"]
[White "Olsarova, Karolina"]
[Black "Gempe, Anet"]
[Result "1-0"]
[WhiteElo "2224"]
[BlackElo "2034"]
[PlyCount "109"]
[EventDate "2014.09.27"]
[EventType "team-tourn"]
[EventRounds "11"]
[EventCountry "GER"]
[SourceTitle "CBM 166 Extra"]
[Source "ChessBase"]
[SourceDate "2015.06.18"]
[SourceVersion "1"]
[SourceVersionDate "2015.06.18"]
[SourceQuality "1"]
[WhiteTeam "Grosslehna (W)"]
[BlackTeam "Leipzig SG (W)"]
[WhiteTeamCountry "GER"]
[BlackTeamCountry "GER"]

1. e4 e6 2. d4 d5 3. Nd2 Nf6 4. e5 Nfd7 5. Bd3 c5 6. c3 Nc6 7. Ne2 Qb6 8. Nf3 cxd4 9. cxd4 Bb4+ 10. Bd2 f6 11. exf6 Nxf6 12. 0-0 0-0 13. Bxb4 Qxb4 14. Qc2 Qd6 15. Qd2 e5 16. dxe5 Nxe5 17. Nxe5 Qxe5 18. h3 b6 19. Nd4 g6 20. Bc2 Bd7 21. Rad1 Kg7 22. Rfe1 Qd6 23. Bb3 Rae8 24. Nf3 Bc6 25. Qd4 Rxe1+ 26. Rxe1 Qc5 27. Qxc5 bxc5 28. Re7+ Kg8 29. Rc7 c4 30. Bxc4 Ba8 31. Bb3 Rf7 32. Rc8+ Rf8 33. Rc5 Bb7 34. Nd4 Rc8 35. Rxc8+ Bxc8 36. f4 Kf8 37. Kf2 Bb7 38. Ke3 Ke7 39. Ba4 a6 40. b4 Kd6 41. g4 Bc8 42. Bc2 Ne8 43. Bd1 Nc7 44. Be2 Ne8 45. a4 Nc7 46. a5 Ke7 47. h4 Ne8 48. Nb3 Nf6 49. g5 Nd7 50. h5 Nb8 51. Kd4 Kd6 52. h6 Be6 53. Bd3 Nc6+ 54. Kc3 Bc8 55. Bxg6 1-0